00949nam a2200289Ia 4500001000700000003000500007005001700012008004100029020001800070040000900088082001900097100002300116245011500139250001100254260002700265300001700292500007900309503001400388504003000402650002200432650001800454650004500472650001600517650001900533650003800552700006900590dia_39CHAP20251021153054.0220601s9999 xx 000 0 und d a968-422-992-5 cCHAP a519.5 W35 1992 aWalpole, Ronald E. aProbabilidad y estadística / Ronald E. Walpole y Raymond H. Myers ; traducción Gerardo Maldonado Vázquez a3a ed. aMéxico : McGraw-Hill aviii, 797 p. aTítulo original: Probability and statistics for engineers and scientists aI. 198834 aBibliografía: p.717-719 a1. Estadística  aProbabilidad  aIngeniería - Métodos estadísticos  aStatistics  aProbabilities  aEngineering - Statistical methods aMyers, Raymond H., coaut. \ Maldonado Vázquez, Gerardo, tr.Ì